[Event "Frankfurt-chA"]
[Site "Frankfurt"]
[Date "2019.05.27"]
[Round "5"]
[White "Trierweiler, Joachim"]
[Black "Hitzer, Dieter"]
[Result "1/2-1/2"]
[WhiteElo "1805"]
[BlackElo "1682"]
[PlyCount "98"]
[EventDate "2019.04.29"]
[EventType "swiss"]
[EventRounds "7"]
[EventCountry "GER"]
[SourceTitle "EXT 2020"]
[Source "ChessBase"]
[SourceDate "2019.10.17"]
[SourceVersion "1"]
[SourceVersionDate "2019.10.17"]
[SourceQuality "1"]

1. Nf3 c5 2. c4 Nc6 3. g3 g6 4. Bg2 Bg7 5. 0-0 e6 6. d3 Nge7 7. Nc3 d5 8. Rb1 0-0 9. Bd2 b6 10. a3 a5 11. Nb5 Na7 12. Nxa7 Rxa7 13. b4 axb4 14. axb4 Bb7 15. Qb3 dxc4 16. Qxc4 Bd5 17. Qh4 Nf5 18. Qxd8 Rxd8 19. bxc5 Bxf3 20. Bxf3 bxc5 21. Rfc1 Nd4 22. Rxc5 Nxf3+ 23. exf3 Bd4 24. Rc4 Kg7 25. Rxd4 Rxd4 26. Bc3 e5 27. Bxd4 exd4 28. Rb4 Rd7 29. Kg2 Kf6 30. f4 Ke6 31. Kf3 f5 32. h3 Kd5 33. g4 Ra7 34. Rb2 Ra3 35. Ke2 Ra7 36. f3 Kc6 37. h4 Rf7 38. g5 Re7+ 39. Kd2 Re3 40. Rb8 Re7 41. Kc2 Kd5 42. Kb3 Kc5 43. Rc8+ Kd5 44. Kb4 Rb7+ 45. Ka4 Kd6 46. Rc4 Kd5 47. Rb4 Rc7 48. Rb5+ Kd6 49. Rb6+ Kd5 1/2-1/2

[Event "Frankfurt-chA"]
[Site "Frankfurt"]
[Date "2019.05.13"]
[Round "3"]
[White "Trierweiler, Joachim"]
[Black "Leichum, Engelbert"]
[Result "1-0"]
[WhiteElo "1805"]
[BlackElo "1570"]
[PlyCount "81"]
[EventDate "2019.04.29"]
[EventType "swiss"]
[EventRounds "7"]
[EventCountry "GER"]
[SourceTitle "EXT 2020"]
[Source "ChessBase"]
[SourceDate "2019.10.17"]
[SourceVersion "1"]
[SourceVersionDate "2019.10.17"]
[SourceQuality "1"]

1. Nf3 d5 2. c4 Bg4 3. Ne5 Bh5 4. Qb3 Nc6 5. Nxc6 bxc6 6. Qb7 Nf6 7. Qxc6+ Nd7 8. cxd5 Rb8 9. Nc3 Rb6 10. Qa4 e6 11. a3 Bd6 12. d4 0-0 13. e3 e5 14. Be2 Bg6 15. 0-0 exd4 16. Qxd4 Be5 17. Qd1 Nf6 18. Bf3 Bxc3 19. bxc3 Be4 20. Bxe4 Nxe4 21. Qd4 f5 22. c4 Rh6 23. Bb2 Rff6 24. f3 Qd6 25. Qe5 Nd2 26. Qxd6 Rxd6 27. Be5 Rd7 28. Bf4 Rg6 29. e4 Nxf1 30. Rxf1 fxe4 31. fxe4 Re7 32. e5 Rb6 33. c5 Rb3 34. d6 cxd6 35. exd6 Rf7 36. c6 Kf8 37. d7 Ke7 38. Bg5+ Rf6 39. Re1+ Kd8 40. Bxf6+ gxf6 41. Re8+ 1-0

[Event "Frankfurt-chA"]
[Site "Frankfurt"]
[Date "2019.05.06"]
[Round "2"]
[White "Muenstermann, Matthias"]
[Black "Trierweiler, Joachim"]
[Result "1-0"]
[WhiteElo "1666"]
[BlackElo "1805"]
[PlyCount "63"]
[EventDate "2019.04.29"]
[EventType "swiss"]
[EventRounds "7"]
[EventCountry "GER"]
[SourceTitle "EXT 2020"]
[Source "ChessBase"]
[SourceDate "2019.10.17"]
[SourceVersion "1"]
[SourceVersionDate "2019.10.17"]
[SourceQuality "1"]

1. d4 c5 2. d5 d6 3. c4 Nf6 4. Nc3 g6 5. e4 Bg7 6. Nf3 0-0 7. Be2 Na6 8. 0-0 Nc7 9. a4 Rb8 10. h3 Bd7 11. Bg5 a6 12. Nd2 b5 13. axb5 axb5 14. f4 bxc4 15. Nxc4 Bb5 16. e5 dxe5 17. d6 Ne6 18. dxe7 Qxe7 19. Nd5 Nxd5 20. Bxe7 Nxe7 21. Nxe5 Nf5 22. Bxb5 Rxb5 23. Qd7 Rxb2 24. Nxf7 Ned4 25. Ra7 h5 26. Nh6+ Kh8 27. Nxf5 Nxf5 28. Rd1 Rg8 29. Qf7 Rxg2+ 30. Kxg2 Ne3+ 31. Kh2 Nxd1 32. Qxg6 1-0

[Event "Frankfurt-ch"]
[Site "Frankfurt"]
[Date "2005.06.06"]
[Round "6"]
[White "Petersen, Gerd"]
[Black "Trierweiler, Joachim"]
[Result "1-0"]
[WhiteElo "1537"]
[BlackElo "1707"]
[PlyCount "79"]
[EventDate "2005.04.25"]
[EventType "swiss"]
[EventRounds "7"]
[EventCountry "GER"]
[SourceTitle "EXT 2006"]
[Source "ChessBase"]
[SourceDate "2005.11.24"]
[SourceVersion "1"]
[SourceVersionDate "2005.11.24"]
[SourceQuality "1"]

1. Nf3 Nf6 2. d4 d6 3. c4 g6 4. g3 Bg7 5. Bg2 0-0 6. 0-0 c6 7. Nc3 Be6 8. b3 Qa5 9. Bd2 Qh5 10. Ng5 Ng4 11. h3 Nxf2 12. Rxf2 Bxd4 13. Bf3 Qxg5 14. Bxg5 Bxc3 15. Rc1 Bb4 16. Kg2 f6 17. Bh6 Rf7 18. e3 Nd7 19. Bg4 f5 20. Bf3 Ne5 21. Qe2 Bc5 22. Bf4 Nd7 23. Bh6 Ne5 24. Qb2 a5 25. Be2 Nd7 26. g4 Rf6 27. gxf5 gxf5 28. Bf4 Rg6+ 29. Kh2 Bf7 30. Bh5 e5 31. Bxg6 hxg6 32. Bg5 Nf8 33. Rg2 Ne6 34. Qe2 Kg7 35. Qd2 Rh8 36. Rf1 Rh5 37. Be7 Bb4 38. Qd1 Kh6 39. Bxd6 Ng5 40. Rxg5 1-0

[Event "Bad Zwesten op 9th"]
[Site "Bad Zwesten"]
[Date "2005.01.05"]
[Round "5"]
[White "Zoch, Werner"]
[Black "Trierweiler, Joachim"]
[Result "1-0"]
[WhiteElo "2076"]
[BlackElo "1692"]
[PlyCount "39"]
[EventDate "2005.01.02"]
[EventType "swiss"]
[EventRounds "9"]
[EventCountry "GER"]
[SourceTitle "CBM 104 Extra"]
[Source "ChessBase"]
[SourceDate "2005.03.01"]
[SourceVersion "1"]
[SourceVersionDate "2005.03.01"]
[SourceQuality "1"]

1. e4 c5 2. Nf3 d6 3. d4 cxd4 4. Nxd4 Nf6 5. Nc3 g6 6. Be3 Bg7 7. f3 0-0 8. Qd2 Nc6 9. 0-0-0 Qa5 10. Kb1 Nxd4 11. Bxd4 Be6 12. Nd5 Qd8 13. Nxf6+ exf6 14. Be2 d5 15. Bc5 dxe4 16. Bxf8 Qxd2 17. Rxd2 exf3 18. Bxg7 fxe2 19. Bxf6 Re8 20. Re1 1-0

[Event "Bad Zwesten op 9th"]
[Site "Bad Zwesten"]
[Date "2005.01.02"]
[Round "1"]
[White "Stabolewski, Andreas"]
[Black "Trierweiler, Joachim"]
[Result "1-0"]
[WhiteElo "2227"]
[BlackElo "1692"]
[PlyCount "61"]
[EventDate "2005.01.02"]
[EventType "swiss"]
[EventRounds "9"]
[EventCountry "GER"]
[SourceTitle "CBM 104 Extra"]
[Source "ChessBase"]
[SourceDate "2005.03.01"]
[SourceVersion "1"]
[SourceVersionDate "2005.03.01"]
[SourceQuality "1"]

1. d3 e5 2. Nf3 Nc6 3. c4 Nf6 4. a3 d5 5. cxd5 Qxd5 6. Nc3 Qa5 7. Bd2 Qb6 8. e3 Be6 9. b4 a6 10. Ng5 Nd8 11. Be2 Be7 12. 0-0 0-0 13. Rc1 c6 14. e4 Bd7 15. Be3 Qc7 16. Na4 h6 17. Nb6 Rb8 18. Nxd7 Qxd7 19. Nf3 Ng4 20. Ba7 Ra8 21. Bb6 Ne6 22. h3 Nf4 23. hxg4 Qxg4 24. g3 Rfd8 25. Rc2 Nh3+ 26. Kh2 Nf4 27. gxf4 Qxf4+ 28. Kh1 Rd6 29. Be3 Qg4 30. Rg1 Qh3+ 31. Nh2 1-0